Thrash Big Four Album Quiz - Statistics

General Stats
  • This quiz has been taken 196 times
    97 since last reset
  • The average score is 32 of 50
Answer Stats
Band (Year) Album % Correct
Metallica (1988) ...And Justice For All
96%
Metallica (1986) Master of Puppets
96%
Metallica (1991) Metallica
96%
Metallica (1984) Ride the Lightning
96%
Metallica (1996) Load
95%
Metallica (1997) Reload
95%
Metallica (1983) Kill 'Em All
94%
Megadeth (1990) Rust in Peace
91%
Megadeth (1986) Peace Sells... but Who's Buying?
90%
Metallica (2003) St. Anger
90%
Metallica (2023) 72 Seasons
88%
Slayer (1986) Reign in Blood
88%
Metallica (2008) Death Magnetic
83%
Anthrax (1987) Among the Living
81%
Megadeth (1992) Countdown to Extinction
81%
Metallica (2016) Hardwired... To Self-Destruct
81%
Megadeth (1985) Killing Is My Business... and Business Is Good!
81%
Slayer (1988) South of Heaven
75%
Slayer (1990) Seasons in the Abyss
74%
Megadeth (1988) So Far, So Good... So What!
73%
Megadeth (1994) Youthanasia
69%
Slayer (1983) Show No Mercy
68%
Slayer (1985) Hell Awaits
66%
Megadeth (1999) Risk
66%
Megadeth (2016) Dystopia
65%
Anthrax (1985) Spreading the Disease
64%
Anthrax (1984) Fistful of Metal
60%
Slayer (2015) Repentless
58%
Megadeth (2022) The Sick,the Dying... and the Dead!
57%
Megadeth (1997) Cryptic Writings
56%
Slayer (2001) God Hates Us All
55%
Megadeth (2013) Super Collider
55%
Megadeth (2011) Thirteen
55%
Anthrax (1988) State of Euphoria
51%
Megadeth (2004) The System Has Failed
51%
Slayer (2006) Christ Illusion
49%
Slayer (2009) World Painted Blood
48%
Megadeth (2009) Endgame
45%
Megadeth (2007) United Abominations
45%
Megadeth (2001) The World Needs a Hero
44%
Slayer (1998) Diabolus in Musica
43%
Slayer (1994) Divine Intervention
42%
Slayer (1996) Undisputed Attitude
38%
Anthrax (2016) For All Kings
32%
Anthrax (1993) Sound of White Noise
32%
Anthrax (2011) Worship Music
30%
Anthrax (1990) Persistance of Time
29%
Anthrax (1998) Volume 8: The Threat Is Real
26%
Anthrax (2003) We've Come for You All
23%
Anthrax (1995) Stomp 445
14%
No matching quizzes found
Score Distribution
Percent of People with Each Score
Percentile by Number Answered
Your Score History
You have not taken this quiz since the last reset